[Event "EU Union-ch U14 16th"]
[Site "Mureck"]
[Date "2018.08.08"]
[Round "8"]
[White "Vanderstappen, Louise"]
[Black "Kante, Kalyan Sai Nandan"]
[Result "1/2-1/2"]
[WhiteElo "1358"]
[BlackElo "1563"]
[PlyCount "70"]
[EventDate "2018.08.01"]
[EventType "swiss"]
[EventRounds "9"]
[EventCountry "AUT"]
[SourceTitle "CBM 186 Extra"]
[Source "ChessBase"]
[SourceDate "2018.08.24"]
[SourceVersion "1"]
[SourceVersionDate "2018.08.24"]
[SourceQuality "1"]

1. e4 e5 2. Nf3 Nc6 3. Nc3 Bc5 4. Nxe5 Nxe5 5. d4 Bb4 6. dxe5 Bxc3+ 7. bxc3 Ne7 8. Bc4 Ng6 9. 0-0 Nxe5 10. Bd5 c6 11. Qd4 Qe7 12. Bb3 0-0 13. Bf4 Re8 14. Bxe5 Qxe5 15. Rfe1 d6 16. Rad1 Bg4 17. f3 Be6 18. Qxd6 Qxc3 19. Bxe6 Rxe6 20. Qc7 Qxc2 21. Rd8+ Re8 22. Rxa8 Rxa8 23. Qxb7 Qc5+ 24. Kf1 Rd8 25. Qc7 Qb5+ 26. Kf2 Rd2+ 27. Ke3 Qd3+ 28. Kf4 g5+ 29. Kxg5 Rxg2+ 30. Kh4 Qd2 31. Qb8+ Kg7 32. Qe5+ Kg8 33. Qe8+ Kg7 34. Qe5+ Kf8 35. Qb8+ Kg7 1/2-1/2

[Event "EU Union-ch U14 16th"]
[Site "Mureck"]
[Date "2018.08.02"]
[Round "2"]
[White "Kante, Kalyan Sai Nandan"]
[Black "Ruseva, Eva"]
[Result "0-1"]
[WhiteElo "1563"]
[BlackElo "1591"]
[PlyCount "94"]
[EventDate "2018.08.01"]
[EventType "swiss"]
[EventRounds "9"]
[EventCountry "AUT"]
[SourceTitle "CBM 186 Extra"]
[Source "ChessBase"]
[SourceDate "2018.08.24"]
[SourceVersion "1"]
[SourceVersionDate "2018.08.24"]
[SourceQuality "1"]

1. e4 e6 2. d3 d5 3. Qe2 Nf6 4. Nf3 c5 5. g3 Qa5+ 6. Bd2 Qb6 7. b3 Nc6 8. Bg2 dxe4 9. dxe4 e5 10. h3 Nd4 11. Nxd4 cxd4 12. 0-0 Bd7 13. c4 Bc5 14. Qd3 0-0 15. a4 a5 16. Na3 Bc6 17. Nb5 Nd7 18. f4 Be7 19. Kh2 Nc5 20. Qb1 f6 21. b4 axb4 22. Bxb4 Rfe8 23. a5 Qd8 24. fxe5 fxe5 25. Rf5 Bf8 26. Ra2 Nd7 27. Nd6 Bxd6 28. Bxd6 Rxa5 29. Bb4 Rxa2 30. Qxa2 Nf6 31. c5+ Kh8 32. Qe2 Qa8 33. g4 Qa4 34. g5 Ng8 35. Bd2 Qc2 36. Rf7 Re7 37. g6 hxg6 38. Rf8 Kh7 39. Qf2 Nh6 40. Qh4 Qxc5 41. Bg5 Rd7 42. Rf2 Qd6 43. Rf6 Qc7 44. Bf3 Rf7 45. Bxh6 gxh6 46. Bg4 Bxe4 47. Rxf7+ Qxf7 0-1